Educación de los sentimientos estéticos (Record no. 143435)

MARC details
000 -LEADER
campo de control de longitud fija 00586nam a2200193 i 4500
001 - NÚMERO DE CONTROL
campo de control 143435
003 - IDENTIFICADOR DE NÚMERO DE CONTROL
campo de control ES-MaACL
005 - FECHA Y HORA DE LA ÚLTIMA TRANSACCIÓN
campo de control 20230906200818.0
007 - CAMPO FIJO DE DESCRIPCIÓN FÍSICA--INFORMACIÓN GENERAL
campo de control de longitud fija t|
008 - DATOS DE LONGITUD FIJA--INFORMACIÓN GENERAL
campo de control de longitud fija 070214s1923 sp r ||||1| spa d
100 1# - ENTRADA PRINCIPAL--NOMBRE DE PERSONA
Nombre de persona Senet, Rodolfo.
9 (RLIN) 105464
245 10 - MENCIÓN DEL TÍTULO
Título Educación de los sentimientos estéticos
Resto del título : origen y evolución /
Mención de responsabilidad, etc. Rodolfo Senet.
260 ## - PUBLICACIÓN, DISTRIBUCIÓN, ETC.
Lugar de publicación, distribución, etc. Madrid :
Nombre del editor, distribuidor, etc. [s.n.],
Fecha de publicación, distribución, etc. 1923 (
Fabricante Tip. Artística)
300 ## - DESCRIPCIÓN FÍSICA
Extensión 276 p. ;
Dimensiones 18 cm.
490 1# - MENCIÓN DE SERIE
Mención de serie Actualidades pedagógicas
830 0# - PUNTO DE ACCESO ADICIONAL DE SERIE-TÍTULO UNIFORME
Título uniforme Actualidades pedagógicas
9 (RLIN) 182409
852 ## - LOCALIZACIÓN
Ubicación ES-MaACL
Número de control de estantería F-4873
Holdings
Estatus retirado Estado de pérdida Estado de daño No para préstamo Biblioteca de origen Biblioteca actual Ubicación en estantería Fecha de adquisición Fuente de adquisición Total de préstamos Signatura topográfica completa Código de barras Visto por última vez Precio de reemplazo Tipo de ítem Koha
        Biblioteca del Ateneo de Madrid Biblioteca del Ateneo de Madrid Depósito 2 17/01/2008     F-4873 1149232 23/02/2023 23/02/2023 Libro impreso